ट्रांझिस्टर (Record no. 961589)

MARC details
000 -LEADER
fixed length control field 00428nam a2200133Ia 4500
008 - FIXED-LENGTH DATA ELEMENTS--GENERAL INFORMATION
fixed length control field 151001s9999||||xx |||||||||||||| ||und||
100 ## - MAIN ENTRY--PERSONAL NAME
Personal name पु वि खांडेकर
245 ## - TITLE STATEMENT
Title ट्रांझिस्टर
250 ## - EDITION STATEMENT
Edition statement 1
260 ## - PUBLICATION, DISTRIBUTION, ETC. (IMPRINT)
Name of publisher, distributor, etc महाराष्ट्र राज्य साहित्य संस्कुती मंडळ मुंबई
260 ## - PUBLICATION, DISTRIBUTION, ETC. (IMPRINT)
Date of publication, distribution, etc 1982
300 ## - PHYSICAL DESCRIPTION
Extent 60
365 ## - TRADE PRICE
Price amount 21

No items available.